[Event "Russian Blitz Team Championship (m)"]
[Site "Sochi"]
[Date "2022.10.17"]
[Round "1.10"]
[White "Putrenko, Kirill"]
[Black "Drygalov, Andrey"]
[Result "1-0"]
[BlackElo "2498"]
[WhiteElo "2141"]
[LiveChessVersion "1.4.8"]

1. d4 {[%clk 0:03:02]} Nf6 {[%clk 0:03:03]} 2. c4 {[%clk 0:03:03]} e6
{[%clk 0:03:04]} 3. Nf3 {[%clk 0:03:05]} d5 {[%clk 0:03:06]} 4. Nc3
{[%clk 0:03:06]} c6 {[%clk 0:03:07]} 5. Bg5 {[%clk 0:03:07]} h6 {[%clk 0:03:08]}
6. Bxf6 {[%clk 0:03:08]} Qxf6 {[%clk 0:03:08]} 7. e3 {[%clk 0:03:09]} Nd7
{[%clk 0:03:09]} 8. Be2 {[%clk 0:03:10]} g6 {[%clk 0:03:09]} 9. O-O
{[%clk 0:03:11]} Bg7 {[%clk 0:03:09]} 10. cxd5 {[%clk 0:03:12]} exd5
{[%clk 0:03:10]} 11. b4 {[%clk 0:03:13]} a6 {[%clk 0:02:34]} 12. a4
{[%clk 0:03:12]} a5 {[%clk 0:02:31]} 13. b5 {[%clk 0:03:12]} O-O {[%clk 0:02:31]}
14. Rb1 {[%clk 0:02:52]} Qd6 {[%clk 0:02:29]} 15. Qb3 {[%clk 0:02:36]} Re8
{[%clk 0:02:28]} 16. Rfc1 {[%clk 0:02:34]} Bf8 {[%clk 0:02:09]} 17. Bf1
{[%clk 0:02:18]} Nf6 {[%clk 0:01:42]} 18. bxc6 {[%clk 0:02:18]} bxc6
{[%clk 0:01:42]} 19. Ne5 {[%clk 0:02:16]} Bf5 {[%clk 0:01:17]} 20. Bd3
{[%clk 0:02:17]} Reb8 {[%clk 0:01:00]} 21. Qc2 {[%clk 0:02:14]} Be6
{[%clk 0:00:59]} 22. h3 {[%clk 0:01:57]} Rxb1 {[%clk 0:00:54]} 23. Rxb1
{[%clk 0:01:57]} Nd7 {[%clk 0:00:47]} 24. f4 {[%clk 0:01:23]} Nxe5
{[%clk 0:00:47]} 25. fxe5 {[%clk 0:01:24]} Qc7 {[%clk 0:00:41]} 26. Ne2
{[%clk 0:01:19]} g5 {[%clk 0:00:21]} 27. Ng3 {[%clk 0:00:59]} Bg7
{[%clk 0:00:09]} 28. Bf5 {[%clk 0:00:56]} Rc8 {[%clk 0:00:08]} 29. Bxe6
{[%clk 0:00:51]} fxe6 {[%clk 0:00:09]} 30. Qg6 {[%clk 0:00:52]} Qf7
{[%clk 0:00:08]} 31. Qxf7+ {[%clk 0:00:53]} Kxf7 {[%clk 0:00:09]} 32. Rb7+
{[%clk 0:00:54]} Kg6 {[%clk 0:00:09]} 33. Re7 {[%clk 0:00:49]} Bf8
{[%clk 0:00:10]} 34. Rxe6+ {[%clk 0:00:49]} Kf7 {[%clk 0:00:11]} 35. Rf6+
{[%clk 0:00:49]} Kg8 {[%clk 0:00:09]} 36. Nf5 {[%clk 0:00:40]} c5
{[%clk 0:00:10]} 37. dxc5 {[%clk 0:00:38]} Bxc5 {[%clk 0:00:09]} 38. Nxh6+
{[%clk 0:00:28]} Kh7 {[%clk 0:00:11]} 39. Nf5 {[%clk 0:00:28]} Re8
{[%clk 0:00:08]} 40. e6 {[%clk 0:00:27]} Bb4 {[%clk 0:00:07]} 41. e7
{[%clk 0:00:23]} Rc8 {[%clk 0:00:07]} 42. Nd6 {[%clk 0:00:16]} Bxd6
{[%clk 0:00:04]} 43. Rxd6 {[%clk 0:00:17]} Re8 {[%clk 0:00:04]} 44. Rxd5
{[%clk 0:00:18]} Kg6 {[%clk 0:00:05]} 45. Rd7 {[%clk 0:00:16]} Kf6
{[%clk 0:00:05]} 46. Ra7 {[%clk 0:00:17]} Rc8 {[%clk 0:00:05]} 47. Kf2
{[%clk 0:00:17]} Ke6 {[%clk 0:00:05]} 48. Kf3 {[%clk 0:00:18]} Kf6
{[%clk 0:00:06]} 49. Ke4 {[%clk 0:00:18]} Rc4+ {[%clk 0:00:03]} 50. Kd5
{[%clk 0:00:19]} Rc8 {[%clk 0:00:04]} 51. Ke4 1-0

[Event "Russian Blitz Team Championship (m)"]
[Site "Sochi"]
[Date "2022.10.17"]
[Round "1.11"]
[White "Zablotsky, Sergei"]
[Black "Khodko, Yurii N."]
[Result "1/2-1/2"]
[BlackElo "2135"]
[WhiteElo "2439"]
[LiveChessVersion "1.4.8"]

1. Nf3 {[%clk 0:03:02]} Nf6 {[%clk 0:03:02]} 2. g3 {[%clk 0:03:02]} g6
{[%clk 0:03:02]} 3. b3 {[%clk 0:03:02]} Bg7 {[%clk 0:03:02]} 4. Bb2
{[%clk 0:03:02]} O-O {[%clk 0:03:02]} 5. Bg2 {[%clk 0:03:02]} d5 {[%clk 0:03:02]}
6. c4 {[%clk 0:03:02]} c5 {[%clk 0:03:01]} 7. cxd5 {[%clk 0:03:01]} Nxd5
{[%clk 0:02:58]} 8. Bxg7 {[%clk 0:03:01]} Kxg7 {[%clk 0:02:59]} 9. O-O
{[%clk 0:03:01]} Nc6 {[%clk 0:03:00]} 10. d4 {[%clk 0:03:00]} Bg4
{[%clk 0:02:31]} 11. dxc5 {[%clk 0:02:42]} Ndb4 {[%clk 0:02:32]} 12. a3
{[%clk 0:02:16]} Na6 {[%clk 0:01:40]} 13. b4 {[%clk 0:02:13]} Nc7
{[%clk 0:01:41]} 14. Nc3 {[%clk 0:02:11]} a6 {[%clk 0:01:41]} 15. h3
{[%clk 0:02:06]} Be6 {[%clk 0:01:36]} 16. Ng5 {[%clk 0:01:43]} Bc4
{[%clk 0:01:25]} 17. Rc1 {[%clk 0:01:23]} h6 {[%clk 0:01:24]} 18. Nf3
{[%clk 0:01:23]} Qc8 {[%clk 0:01:22]} 19. Qc2 {[%clk 0:01:05]} Be6
{[%clk 0:01:21]} 20. Kh2 {[%clk 0:01:06]} Rd8 {[%clk 0:01:20]} 21. Rfd1
{[%clk 0:01:07]} Nb5 {[%clk 0:01:20]} 22. Nxb5 {[%clk 0:00:54]} axb5
{[%clk 0:01:20]} 23. Qc3+ {[%clk 0:00:54]} Kh7 {[%clk 0:01:19]} 24. Rd3
{[%clk 0:00:42]} Qc7 {[%clk 0:01:00]} 25. Rcd1 {[%clk 0:00:42]} Rxd3
{[%clk 0:00:48]} 26. Rxd3 {[%clk 0:00:43]} Bc4 {[%clk 0:00:49]} 27. Re3
{[%clk 0:00:40]} e6 {[%clk 0:00:41]} 28. Ne5 {[%clk 0:00:33]} Nxe5
{[%clk 0:00:41]} 29. Qxe5 {[%clk 0:00:33]} Qxe5 {[%clk 0:00:33]} 30. Rxe5 Ra7 31.
Re3 {[%clk 0:00:27]} Kg7 {[%clk 0:00:35]} 32. g4 {[%clk 0:00:27]} g5
{[%clk 0:00:35]} 33. Kg3 {[%clk 0:00:27]} Kf6 {[%clk 0:00:33]} 34. f4
{[%clk 0:00:28]} Ke7 {[%clk 0:00:30]} 35. Bf3 {[%clk 0:00:26]} Kd7
{[%clk 0:00:28]} 36. fxg5 {[%clk 0:00:25]} hxg5 {[%clk 0:00:29]} 37. h4
{[%clk 0:00:26]} gxh4+ {[%clk 0:00:29]} 38. Kxh4 {[%clk 0:00:27]} f6
{[%clk 0:00:28]} 39. g5 {[%clk 0:00:25]} fxg5+ {[%clk 0:00:27]} 40. Kxg5
{[%clk 0:00:26]} Kc7 {[%clk 0:00:28]} 41. Bg4 {[%clk 0:00:27]} Ra8
{[%clk 0:00:29]} 42. Bxe6 {[%clk 0:00:23]} Re8 {[%clk 0:00:12]} 43. Kf6
{[%clk 0:00:24]} Rf8+ {[%clk 0:00:12]} 44. Ke7 {[%clk 0:00:24]} Rf2
{[%clk 0:00:13]} 45. Bg4 {[%clk 0:00:16]} b6 {[%clk 0:00:12]} 46. cxb6+
{[%clk 0:00:16]} Kxb6 {[%clk 0:00:13]} 47. Bf3 {[%clk 0:00:17]} Rf1
{[%clk 0:00:12]} 48. Kd6 {[%clk 0:00:17]} Rd1+ {[%clk 0:00:13]} 49. Ke5
{[%clk 0:00:18]} Rd2 {[%clk 0:00:14]} 50. Kf4 {[%clk 0:00:18]} Rd4+
{[%clk 0:00:15]} 51. Re4 {[%clk 0:00:19]} Rd2 {[%clk 0:00:16]} 52. Re3
{[%clk 0:00:20]} Ra2 {[%clk 0:00:16]} 53. Kg3 {[%clk 0:00:20]} Ra1
{[%clk 0:00:16]} 54. Kf2 {[%clk 0:00:21]} Ra2 {[%clk 0:00:17]} 55. Rc3
{[%clk 0:00:22]} Rd2 {[%clk 0:00:16]} 56. Ke3 {[%clk 0:00:23]} Rd8
{[%clk 0:00:18]} 57. Be4 {[%clk 0:00:23]} Re8 {[%clk 0:00:18]} 58. Kf3
{[%clk 0:00:22]} Bxe2+ {[%clk 0:00:19]} 59. Kxe2 {[%clk 0:00:23]} Rxe4+
{[%clk 0:00:20]} 60. Re3 {[%clk 0:00:24]} Rc4 {[%clk 0:00:18]} 61. Kd3
{[%clk 0:00:25]} Rc6 {[%clk 0:00:19]} 62. Re5 {[%clk 0:00:26]} Rh6
{[%clk 0:00:19]} 63. Kd4 {[%clk 0:00:27]} Rh4+ {[%clk 0:00:20]} 64. Kd5
{[%clk 0:00:28]} Rc4 {[%clk 0:00:13]} 65. Re6+ {[%clk 0:00:29]} Kb7
{[%clk 0:00:14]} 66. Rh6 {[%clk 0:00:29]} Rc3 {[%clk 0:00:15]} 67. Rg6
{[%clk 0:00:29]} Rxa3 {[%clk 0:00:09]} 68. Kc5 {[%clk 0:00:30]} Rh3
{[%clk 0:00:10]} 69. Kxb5 {[%clk 0:00:31]} Rh5+ {[%clk 0:00:11]} 70. Ka4
{[%clk 0:00:32]} Ka7 {[%clk 0:00:12]} 71. Rc6 {[%clk 0:00:33]} Kb7
{[%clk 0:00:13]} 72. Rc4 {[%clk 0:00:32]} Kb6 {[%clk 0:00:14]} 73. Rd4
{[%clk 0:00:31]} Kc6 {[%clk 0:00:15]} 74. Kb3 {[%clk 0:00:32]} Kb5
{[%clk 0:00:16]} 75. Rc4 {[%clk 0:00:31]} Rh3+ {[%clk 0:00:17]} 76. Rc3
{[%clk 0:00:32]} Rh5 {[%clk 0:00:18]} 77. Rc5+ {[%clk 0:00:33]} Rxc5
{[%clk 0:00:19]} 78. bxc5 Kxc5 1/2-1/2

[Event "Russian Blitz Team Championship (m)"]
[Site "Sochi"]
[Date "2022.10.17"]
[Round "1.12"]
[White "Ponomarev, Vsevolod"]
[Black "Khegay, Dmitriy"]
[Result "0-1"]
[BlackElo "2457"]
[WhiteElo "2114"]
[LiveChessVersion "1.4.8"]

1. e4 {[%clk 0:03:03]} c5 {[%clk 0:03:03]} 2. Nf3 {[%clk 0:03:04]} d6
{[%clk 0:03:04]} 3. d4 {[%clk 0:03:06]} cxd4 {[%clk 0:03:05]} 4. Nxd4
{[%clk 0:03:07]} Nf6 {[%clk 0:03:05]} 5. Nc3 {[%clk 0:03:08]} a6 6. Be2 g6
{[%clk 0:03:06]} 7. Be3 {[%clk 0:02:50]} Bg7 {[%clk 0:03:07]} 8. f3
{[%clk 0:02:50]} b5 {[%clk 0:03:03]} 9. Qd2 {[%clk 0:02:41]} Bb7 {[%clk 0:03:03]}
10. a4 {[%clk 0:02:34]} b4 {[%clk 0:03:01]} 11. Na2 {[%clk 0:02:35]} a5
{[%clk 0:02:57]} 12. c3 {[%clk 0:02:37]} bxc3 {[%clk 0:02:53]} 13. Nxc3
{[%clk 0:02:37]} O-O {[%clk 0:02:52]} 14. O-O {[%clk 0:02:37]} Na6
{[%clk 0:02:47]} 15. Kh1 {[%clk 0:02:30]} Nd7 {[%clk 0:02:31]} 16. Bh6
{[%clk 0:02:20]} Ndc5 {[%clk 0:02:27]} 17. Bxg7 {[%clk 0:02:21]} Kxg7
{[%clk 0:02:28]} 18. Bc4 {[%clk 0:01:57]} Nb4 {[%clk 0:02:27]} 19. Nc2
{[%clk 0:01:42]} Rc8 {[%clk 0:02:14]} 20. Nxb4 {[%clk 0:00:53]} axb4
{[%clk 0:02:15]} 21. Nd5 {[%clk 0:00:54]} b3 {[%clk 0:02:05]} 22. a5
{[%clk 0:00:41]} e6 {[%clk 0:01:04]} 23. Nb6 {[%clk 0:00:42]} Rb8
{[%clk 0:01:05]} 24. Bxb3 {[%clk 0:00:34]} Qf6 {[%clk 0:00:52]} 25. Bc4
{[%clk 0:00:30]} Rfd8 {[%clk 0:00:46]} 26. b4 {[%clk 0:00:31]} d5
{[%clk 0:00:41]} 27. bxc5 {[%clk 0:00:21]} dxc4 {[%clk 0:00:42]} 28. Qb4
{[%clk 0:00:10]} Ba6 {[%clk 0:00:17]} 29. c6 {[%clk 0:00:12]} Qe5
{[%clk 0:00:18]} 30. Rac1 {[%clk 0:00:08]} Qc7 {[%clk 0:00:15]} 31. Qc5
{[%clk 0:00:09]} Rd6 {[%clk 0:00:13]} 32. Qe5+ {[%clk 0:00:07]} f6
{[%clk 0:00:14]} 33. Qg3 {[%clk 0:00:05]} Rxc6 {[%clk 0:00:14]} 34. Qf2
{[%clk 0:00:04]} c3 {[%clk 0:00:13]} 35. Rfd1 {[%clk 0:00:05]} c2
{[%clk 0:00:12]} 36. Rd7+ {[%clk 0:00:05]} Qxd7 37. Nxd7 {[%clk 0:00:06]} Rb1
{[%clk 0:00:14]} 38. Qe3 {[%clk 0:00:05]} Rd6 {[%clk 0:00:12]} 39. Nxf6
{[%clk 0:00:04]} Rd1+ {[%clk 0:00:13]} 0-1

[Event "Russian Blitz Team Championship (m)"]
[Site "Sochi"]
[Date "2022.10.17"]
[Round "1.13"]
[White "Klukin, Kirill"]
[Black "Afanasiev, Nikita"]
[Result "0-1"]
[BlackElo "2541"]
[WhiteElo "2290"]
[LiveChessVersion "1.4.8"]

1. d4 {[%clk 0:03:03]} g6 {[%clk 0:03:03]} 2. Nf3 {[%clk 0:03:03]} Bg7
{[%clk 0:03:04]} 3. Bf4 {[%clk 0:03:04]} d6 {[%clk 0:03:05]} 4. c3
{[%clk 0:03:05]} Nc6 {[%clk 0:03:06]} 5. e3 {[%clk 0:02:58]} Nf6 {[%clk 0:03:05]}
6. h3 {[%clk 0:02:58]} Nd7 {[%clk 0:03:06]} 7. Be2 {[%clk 0:02:56]} e5
{[%clk 0:03:07]} 8. Bh2 {[%clk 0:02:58]} O-O {[%clk 0:03:06]} 9. O-O
{[%clk 0:02:59]} f5 {[%clk 0:03:07]} 10. dxe5 {[%clk 0:02:30]} dxe5
{[%clk 0:03:08]} 11. Nbd2 {[%clk 0:02:30]} Qe7 {[%clk 0:03:07]} 12. Qc2
{[%clk 0:02:23]} g5 {[%clk 0:03:06]} 13. Bb5 {[%clk 0:02:01]} g4 {[%clk 0:02:57]}
14. hxg4 {[%clk 0:01:56]} fxg4 {[%clk 0:02:58]} 15. Ne1 {[%clk 0:01:55]} Nf6
{[%clk 0:02:51]} 16. Ne4 {[%clk 0:01:35]} Nxe4 {[%clk 0:02:30]} 17. Qxe4
{[%clk 0:01:36]} Bf5 {[%clk 0:02:31]} 18. Qc4+ {[%clk 0:01:33]} Kh8
{[%clk 0:02:32]} 19. Bxc6 {[%clk 0:00:37]} bxc6 {[%clk 0:02:33]} 20. e4
{[%clk 0:00:38]} Be6 {[%clk 0:02:31]} 21. Qe2 {[%clk 0:00:39]} c5
{[%clk 0:02:18]} 22. Nd3 {[%clk 0:00:39]} Bc8 {[%clk 0:02:02]} 23. Rad1
{[%clk 0:00:36]} a5 {[%clk 0:02:03]} 24. c4 {[%clk 0:00:34]} Rd8 {[%clk 0:01:55]}
25. Nc1 {[%clk 0:00:16]} Rd6 {[%clk 0:01:42]} 26. Rd5 {[%clk 0:00:13]} Ba6
{[%clk 0:01:31]} 27. b3 {[%clk 0:00:13]} Rad8 {[%clk 0:01:29]} 28. Rfd1
{[%clk 0:00:08]} Bb7 {[%clk 0:01:24]} 29. Rxd6 {[%clk 0:00:07]} cxd6
{[%clk 0:01:24]} 30. Qxg4 {[%clk 0:00:07]} Bh6 {[%clk 0:01:16]} 31. Nd3
{[%clk 0:00:08]} Rg8 {[%clk 0:01:16]} 32. Qh5 {[%clk 0:00:09]} Rg6
{[%clk 0:01:08]} 33. Bg3 {[%clk 0:00:08]} Bxe4 {[%clk 0:01:08]} 34. Qe2
{[%clk 0:00:08]} Qb7 {[%clk 0:01:01]} 35. Ne1 {[%clk 0:00:08]} Bg7
{[%clk 0:00:58]} 36. Nf3 {[%clk 0:00:08]} Bc6 {[%clk 0:00:50]} 37. Nh4 Rf6 38.
Qh5 {[%clk 0:00:07]} Qc8 {[%clk 0:00:48]} 39. Qg5 {[%clk 0:00:05]} Qe6
{[%clk 0:00:46]} 40. Qe3 {[%clk 0:00:06]} Kg8 {[%clk 0:00:44]} 41. Re1
{[%clk 0:00:07]} Qg4 {[%clk 0:00:43]} 42. Qe2 {[%clk 0:00:05]} Qxe2 43. Rxe2
{[%clk 0:00:07]} Bh6 {[%clk 0:00:41]} 44. Re1 {[%clk 0:00:04]} Kf7
{[%clk 0:00:40]} 45. Rd1 {[%clk 0:00:05]} Ke6 {[%clk 0:00:40]} 46. Rd3
{[%clk 0:00:03]} Be4 {[%clk 0:00:37]} 47. Rd1 {[%clk 0:00:05]} Rf8
{[%clk 0:00:37]} 48. f3 {[%clk 0:00:05]} Bc6 {[%clk 0:00:32]} 49. Bf2
{[%clk 0:00:05]} Bg5 {[%clk 0:00:33]} 50. Kf1 {[%clk 0:00:05]} Rf4
{[%clk 0:00:32]} 51. g3 {[%clk 0:00:06]} Rf8 {[%clk 0:00:32]} 52. Rd3
{[%clk 0:00:05]} h5 {[%clk 0:00:31]} 53. Ke2 {[%clk 0:00:06]} a4 {[%clk 0:00:31]}
54. bxa4 {[%clk 0:00:05]} Bxa4 {[%clk 0:00:30]} 55. Be3 {[%clk 0:00:06]} Bd8
{[%clk 0:00:28]} 56. Ra3 {[%clk 0:00:08]} Bc6 {[%clk 0:00:29]} 57. f4
{[%clk 0:00:08]} exf4 {[%clk 0:00:28]} 58. Ng6 {[%clk 0:00:09]} f3+
{[%clk 0:00:28]} 59. Kf2 {[%clk 0:00:10]} Rf5 {[%clk 0:00:26]} 60. Nf4+
{[%clk 0:00:11]} Kd7 {[%clk 0:00:27]} 61. Ra7+ {[%clk 0:00:12]} Bc7
{[%clk 0:00:27]} 62. Nd3 {[%clk 0:00:04]} Kc8 {[%clk 0:00:27]} 63. Ra3
{[%clk 0:00:05]} Rf8 {[%clk 0:00:23]} 64. Bf4 {[%clk 0:00:07]} Re8
{[%clk 0:00:23]} 65. Ne1 {[%clk 0:00:06]} Re2+ {[%clk 0:00:23]} 66. Kf1
{[%clk 0:00:08]} Re4 {[%clk 0:00:23]} 67. Nxf3 {[%clk 0:00:06]} Rxc4
{[%clk 0:00:23]} 68. Nd2 {[%clk 0:00:08]} Rc2 {[%clk 0:00:24]} 69. Ke1
{[%clk 0:00:05]} Bd5 {[%clk 0:00:25]} 70. Rd3 {[%clk 0:00:05]} Bxa2 71. Bxd6
{[%clk 0:00:07]} c4 {[%clk 0:00:21]} 72. Rd4 {[%clk 0:00:06]} Bb6
{[%clk 0:00:23]} 73. Rf4 {[%clk 0:00:06]} Be3 {[%clk 0:00:21]} 74. Rf8+
{[%clk 0:00:07]} Kd7 {[%clk 0:00:22]} 75. Bf4 {[%clk 0:00:08]} Bc5
{[%clk 0:00:19]} 76. Ne4 {[%clk 0:00:09]} Bxf8 {[%clk 0:00:18]} 0-1

[Event "Russian Blitz Team Championship (m)"]
[Site "Sochi"]
[Date "2022.10.17"]
[Round "1.14"]
[White "Tsydypov, Zhamsaran"]
[Black "Sutormin, Danila"]
[Result "1-0"]
[BlackElo "2253"]
[WhiteElo "2598"]
[LiveChessVersion "1.4.8"]

1. c4 {[%clk 0:03:03]} Nf6 {[%clk 0:03:02]} 2. Nc3 {[%clk 0:03:02]} g6
{[%clk 0:03:02]} 3. g3 {[%clk 0:03:02]} Bg7 {[%clk 0:03:02]} 4. Bg2
{[%clk 0:03:03]} O-O {[%clk 0:03:02]} 5. e3 {[%clk 0:03:03]} c6 {[%clk 0:02:46]}
6. Nge2 {[%clk 0:03:03]} d5 {[%clk 0:02:46]} 7. b3 {[%clk 0:02:58]} Bf5
{[%clk 0:02:30]} 8. d4 {[%clk 0:02:56]} Qd7 {[%clk 0:02:13]} 9. O-O
{[%clk 0:02:50]} Bh3 {[%clk 0:02:08]} 10. Ba3 {[%clk 0:02:51]} Bxg2
{[%clk 0:02:02]} 11. Kxg2 {[%clk 0:02:51]} Re8 {[%clk 0:01:53]} 12. Rc1
{[%clk 0:02:50]} Na6 {[%clk 0:01:47]} 13. cxd5 {[%clk 0:02:35]} Nxd5
{[%clk 0:01:38]} 14. Kg1 {[%clk 0:02:33]} Rad8 {[%clk 0:01:23]} 15. Na4
{[%clk 0:01:57]} e5 {[%clk 0:01:21]} 16. dxe5 {[%clk 0:01:31]} Bxe5
{[%clk 0:01:22]} 17. Qe1 {[%clk 0:01:32]} Qh3 {[%clk 0:01:05]} 18. Rc4
{[%clk 0:01:32]} Qf5 {[%clk 0:00:45]} 19. e4 {[%clk 0:01:31]} Qf3
{[%clk 0:00:33]} 20. exd5 {[%clk 0:01:29]} Bd6 {[%clk 0:00:18]} 21. Bxd6
{[%clk 0:01:20]} Rxe2 {[%clk 0:00:18]} 22. Qd1 {[%clk 0:01:20]} Rxd6
{[%clk 0:00:07]} 23. Nc3 {[%clk 0:01:18]} cxd5 {[%clk 0:00:06]} 24. Rc8+
{[%clk 0:01:17]} 1-0

[Event "Russian Blitz Team Championship (m)"]
[Site "Sochi"]
[Date "2022.10.17"]
[Round "1.15"]
[White "Esipenko, Aleksandr"]
[Black "Moiseenko, Vadim"]
[Result "1-0"]
[BlackElo "2492"]
[WhiteElo "2105"]
[LiveChessVersion "1.4.8"]

1. d4 {[%clk 0:03:03]} Nf6 {[%clk 0:03:03]} 2. Nf3 {[%clk 0:03:04]} b6
{[%clk 0:03:04]} 3. b3 {[%clk 0:03:05]} Bb7 {[%clk 0:03:06]} 4. e3
{[%clk 0:03:06]} e6 {[%clk 0:03:07]} 5. Bb2 {[%clk 0:03:07]} Be7 {[%clk 0:03:08]}
6. Bd3 {[%clk 0:03:08]} O-O {[%clk 0:03:08]} 7. O-O {[%clk 0:03:08]} d5
{[%clk 0:03:09]} 8. Ne5 {[%clk 0:03:08]} c5 {[%clk 0:03:09]} 9. Nd2
{[%clk 0:03:09]} Nc6 {[%clk 0:03:08]} 10. a3 {[%clk 0:03:10]} Rc8
{[%clk 0:03:07]} 11. Qe2 {[%clk 0:03:11]} Bd6 {[%clk 0:03:04]} 12. f4
{[%clk 0:03:01]} Ne7 {[%clk 0:03:05]} 13. Rac1 {[%clk 0:02:59]} Bb8
{[%clk 0:02:46]} 14. Rfd1 {[%clk 0:02:57]} Nf5 {[%clk 0:02:44]} 15. h3
{[%clk 0:02:35]} cxd4 {[%clk 0:02:27]} 16. exd4 {[%clk 0:02:33]} Ng3
{[%clk 0:02:12]} 17. Qf2 {[%clk 0:02:06]} Nge4 {[%clk 0:02:11]} 18. Nxe4
{[%clk 0:02:06]} Nxe4 {[%clk 0:02:01]} 19. Bxe4 {[%clk 0:02:02]} dxe4
{[%clk 0:02:02]} 20. c4 {[%clk 0:02:03]} Qe7 {[%clk 0:01:55]} 21. Ng4
{[%clk 0:01:28]} Rfd8 {[%clk 0:01:42]} 22. Ne3 {[%clk 0:01:29]} a6
{[%clk 0:01:32]} 23. Rd2 {[%clk 0:01:28]} Bd6 {[%clk 0:01:30]} 24. b4
{[%clk 0:01:19]} Bb8 {[%clk 0:01:27]} 25. Rcd1 {[%clk 0:01:00]} b5
{[%clk 0:01:25]} 26. cxb5 {[%clk 0:00:56]} axb5 {[%clk 0:01:25]} 27. f5
{[%clk 0:00:51]} Ba7 {[%clk 0:01:18]} 28. Qg3 {[%clk 0:00:48]} Bd5
{[%clk 0:01:01]} 29. Rf1 {[%clk 0:00:46]} Qd6 {[%clk 0:00:40]} 30. Qg5
{[%clk 0:00:18]} f6 {[%clk 0:00:39]} 31. Qg4 {[%clk 0:00:18]} Bb8
{[%clk 0:00:38]} 32. fxe6 {[%clk 0:00:12]} Bxe6 {[%clk 0:00:35]} 33. Nf5
{[%clk 0:00:07]} Qh2+ {[%clk 0:00:33]} 34. Kf2 {[%clk 0:00:09]} Bxf5
{[%clk 0:00:34]} 35. Qxf5 {[%clk 0:00:10]} Re8 {[%clk 0:00:20]} 36. Ke1
{[%clk 0:00:07]} e3 {[%clk 0:00:17]} 37. Re2 {[%clk 0:00:09]} Qc7
{[%clk 0:00:08]} 38. Kd1 {[%clk 0:00:08]} Qc4 {[%clk 0:00:09]} 39. Rf3
{[%clk 0:00:04]} Qb3+ {[%clk 0:00:08]} 40. Ke1 {[%clk 0:00:06]} Qa2
{[%clk 0:00:05]} 41. Kf1 {[%clk 0:00:07]} Qc4 {[%clk 0:00:04]} 42. Ke1
{[%clk 0:00:08]} Rcd8 1-0

[Event "Russian Blitz Team Championship (m)"]
[Site "Sochi"]
[Date "2022.10.17"]
[Round "1.16"]
[White "Rozum, Ivan"]
[Black "Osetrov, Dmitrij"]
[Result "1-0"]
[BlackElo "1927"]
[WhiteElo "2428"]
[LiveChessVersion "1.4.8"]

1. b3 {[%clk 0:03:03]} Nf6 {[%clk 0:03:03]} 2. Bb2 {[%clk 0:03:04]} g6
{[%clk 0:03:04]} 3. g3 {[%clk 0:03:04]} Bg7 {[%clk 0:03:06]} 4. Bg2
{[%clk 0:03:05]} O-O {[%clk 0:03:06]} 5. c4 {[%clk 0:03:05]} c5 {[%clk 0:03:06]}
6. Nf3 {[%clk 0:03:04]} Nc6 {[%clk 0:03:07]} 7. O-O {[%clk 0:03:02]} d5
{[%clk 0:02:52]} 8. cxd5 {[%clk 0:03:02]} Nxd5 {[%clk 0:02:47]} 9. Bxg7
{[%clk 0:03:03]} Kxg7 {[%clk 0:02:48]} 10. d4 {[%clk 0:03:01]} cxd4
{[%clk 0:02:27]} 11. Nxd4 {[%clk 0:03:02]} Nxd4 {[%clk 0:02:27]} 12. Qxd4+
{[%clk 0:03:03]} Nf6 {[%clk 0:02:28]} 13. Qe5 {[%clk 0:03:00]} Qb6
{[%clk 0:02:08]} 14. Nc3 {[%clk 0:02:51]} Be6 {[%clk 0:01:16]} 15. Na4
{[%clk 0:02:51]} Qb4 {[%clk 0:00:54]} 16. Nc5 {[%clk 0:02:47]} Bc8
{[%clk 0:00:42]} 17. Qxe7 {[%clk 0:02:36]} a5 {[%clk 0:00:29]} 18. a3
{[%clk 0:02:25]} Qb5 {[%clk 0:00:29]} 19. Qe5 {[%clk 0:02:21]} Qe8
{[%clk 0:00:21]} 20. Qb2 {[%clk 0:02:13]} Rb8 {[%clk 0:00:09]} 21. Rad1
{[%clk 0:01:56]} Qe7 {[%clk 0:00:10]} 22. Ne4 {[%clk 0:01:38]} Bf5
{[%clk 0:00:11]} 23. Nd6 {[%clk 0:01:36]} Bg4 {[%clk 0:00:07]} 24. Rfe1
{[%clk 0:01:31]} Rfd8 {[%clk 0:00:07]} 25. Qd4 {[%clk 0:01:22]} Be6
{[%clk 0:00:05]} 26. Rd3 {[%clk 0:01:10]} Kg8 {[%clk 0:00:06]} 27. e4
{[%clk 0:01:10]} Ne8 {[%clk 0:00:05]} 28. e5 {[%clk 0:01:10]} Nc7
{[%clk 0:00:04]} 29. Qc3 {[%clk 0:01:02]} b6 {[%clk 0:00:04]} 30. Rc1
{[%clk 0:01:01]} Ne8 {[%clk 0:00:05]} 31. Rcd1 {[%clk 0:01:01]} Ng7
{[%clk 0:00:06]} 32. b4 {[%clk 0:00:59]} axb4 {[%clk 0:00:06]} 33. axb4
{[%clk 0:01:00]} h6 {[%clk 0:00:05]} 34. Qd2 {[%clk 0:00:57]} Kh7
{[%clk 0:00:06]} 35. Nf5 {[%clk 0:00:37]} Rxd3 {[%clk 0:00:04]} 36. Qxh6+
{[%clk 0:00:37]} 1-0

[Event "Russian Blitz Team Championship (m)"]
[Site "Sochi"]
[Date "2022.10.17"]
[Round "2.1"]
[White "Zakhartsov, Vladimir"]
[Black "Grachev, Boris"]
[Result "1/2-1/2"]
[BlackElo "2565"]
[WhiteElo "2492"]
[LiveChessVersion "1.4.8"]

1. e4 {[%clk 0:03:02]} c5 {[%clk 0:03:03]} 2. Nf3 {[%clk 0:03:04]} e6
{[%clk 0:03:04]} 3. d4 {[%clk 0:03:05]} cxd4 4. Nxd4 {[%clk 0:03:06]} Nf6
{[%clk 0:03:06]} 5. Nc3 {[%clk 0:03:07]} Nc6 {[%clk 0:03:07]} 6. Ndb5
{[%clk 0:03:08]} Bc5 {[%clk 0:03:07]} 7. Bf4 {[%clk 0:03:09]} O-O
{[%clk 0:03:07]} 8. Bc7 {[%clk 0:03:10]} Qe7 {[%clk 0:03:08]} 9. Bd6
{[%clk 0:03:11]} Bxd6 {[%clk 0:03:09]} 10. Qxd6 {[%clk 0:03:12]} Qd8
{[%clk 0:03:10]} 11. Qc7 {[%clk 0:03:09]} d5 {[%clk 0:03:07]} 12. Qxd8
{[%clk 0:03:05]} Rxd8 {[%clk 0:03:07]} 13. exd5 {[%clk 0:03:02]} exd5
{[%clk 0:03:08]} 14. O-O-O {[%clk 0:02:57]} d4 {[%clk 0:03:08]} 15. Ne2
{[%clk 0:02:24]} Ne4 {[%clk 0:03:08]} 16. Rg1 {[%clk 0:02:24]} Nxf2
{[%clk 0:03:09]} 17. Rd2 {[%clk 0:02:25]} Ne4 {[%clk 0:03:08]} 18. Rd1
{[%clk 0:02:22]} Bg4 {[%clk 0:02:07]} 19. h3 {[%clk 0:02:23]} Bxe2
{[%clk 0:02:00]} 20. Bxe2 {[%clk 0:02:25]} a6 {[%clk 0:01:56]} 21. Na3
{[%clk 0:02:23]} Rac8 {[%clk 0:01:43]} 22. Bf3 {[%clk 0:02:13]} Ng5
{[%clk 0:01:43]} 23. Bg4 {[%clk 0:01:55]} Rc7 {[%clk 0:01:37]} 24. Rge1
{[%clk 0:01:52]} h6 {[%clk 0:01:33]} 25. h4 {[%clk 0:01:24]} Nh7 {[%clk 0:01:34]}
26. Bf3 {[%clk 0:01:14]} Nf6 {[%clk 0:01:32]} 27. Rd2 {[%clk 0:01:07]} b5
{[%clk 0:01:14]} 28. Red1 {[%clk 0:01:04]} Ne5 {[%clk 0:01:00]} 29. Rxd4
{[%clk 0:00:58]} Rxd4 {[%clk 0:01:00]} 30. Rxd4 {[%clk 0:00:59]} Nxf3
{[%clk 0:01:01]} 31. gxf3 {[%clk 0:01:01]} Kh7 {[%clk 0:00:52]} 32. c3
{[%clk 0:01:00]} 1/2-1/2